OPAC | Catalogo Arcigay delle biblioteche LGBTQIA+

Il Catalogo di Arcigay delle Biblioteche LGBTQIA+ è un servizio fornito grazie alla collaborazione tra Arcigay nazionale e le associazioni locali aderenti al progetto che conservano e rendono pubbliche biblioteche a tema LGBTQIA+.

Criminal : (Record no. 28920)

MARC details
000 -LEADER
campo di controllo lung. fissa 01318ngm a22003257i 4500
001 - Numero di controllo
campo di controllo IT\ICCU\CAG\1062043
003 - Identificatore del numero di controllo
campo di controllo ItRI
005 - Data e orario dell'ultima transazione
campo di controllo 20260317160129.0
008 - Elementi di lunghezza fissa--Informazione generale
campo di controllo lung. fissa 060112s2005 it |||||||||||||||k|||||c
028 42 - Numero dell’editore o distributore
Numero dell’editore o distributore DVSZ838968
028 42 - Numero dell’editore o distributore
Numero dell’editore o distributore Z838968
040 ## - Fonte della catalogazione
Lingua della catalogazione ita
Agenzia che fa la trascrizione Arcigay Genova
041 #7 - Codice di lingua
Codice di lingua del testo/traccia sonora o titolo separato ita
-- eng
Fonte del codice ISO-639-2
130 0# - Accesso principale--titolo uniforme
Titolo uniforme Criminal <film ; 2004>
245 00 - Formulazione del titolo
Titolo Criminal :
Complemento del titolo quando pensi di aver capito tutto, ci sei cascato /
Formulazione di responsabilità, ecc. directed by Gregory Jacobs ; screenplay by Gregory Jacobs and Sam Lowry.
260 ## - Pubblicazione, distribuzione, ecc. (stampa)
Luogo di pubblicazione, distribuzione, ecc. [Milano] :
Nome dell'editore, distributore, ecc. Warner Bros. Entertainment,
Data di pubblicazione, distribuzione, ecc. c2005
300 ## - Descrizione fisica
Estensione 1 DVD (circa 84 min) :
Altre particolarità fisiche color., sonoro
500 ## - Nota generale
Nota generale Caratteristiche video: area 2; PAL; formato video adatto a ogni tipo di tv anamorfico 16:9 1.85:1; audio Dolby digital 5.1
500 ## - Nota generale
Nota generale Tit. del contenitore
500 ## - Nota generale
Nota generale Film del 2004, produzione USA
500 ## - Nota generale
Nota generale Remake del film: Nove regine (F. Bielinsky, 2000)
500 ## - Nota generale
Nota generale Interpreti: John C. Reilly, Diego Luna, Maggie Gyllenhaal
500 ## - Nota generale
Nota generale Lingue e sottotitoli anche per non udenti: italiano, inglese.
700 1# - Accesso aggiunto--nome di persona
Nome di persona Jacobs, Gregory
Numero del record di authority o numero standard IT\ICCU\CAGV\413810
Relazione: drt
700 1# - Accesso aggiunto--nome di persona
Nome di persona Reilly, John C.,
Date associate al nome (1965- )
Numero del record di authority o numero standard IT\ICCU\RAVV\298915
700 1# - Accesso aggiunto--nome di persona
Nome di persona Luna, Diego
Numero del record di authority o numero standard IT\ICCU\UBOV\678144
982 #1 - EQUIVALENCE OR CROSS-REFERENCE-SERIES STATEMENT--CONFERENCE OR MEETING NAME/TITLE [LOCAL, CANADA]
Collegamento z01
Nome del convegno o nome della giurisdizione come accesso g
942 ## - Dati aggiuntivi (Koha)
Fonte della classificazione o dello schema di collocazione (segnatura) Classificazione decimale Dewey
Tipo copia default (Koha) Materiali visivi
Nasconto in Opac No
981 #1 - EQUIVALENCE OR CROSS-REFERENCE-SERIES STATEMENT--CORPORATE NAME/TITLE [LOCAL, CANADA]
Collegamento z01
Nome dell'ente o nome della giurisdizione come accesso b
Unità subordinata xa2e
Holdings
Status ritirato Status smarrito: Fonte della classificazione o dello schema di collocazione (segnatura) Status danneggiato: Escluso dal prestito Biblioteca di appartenenza Biblioteca corrente Data di acquisti Totale prestiti Collocazione Codice a barre Data ultima revisione Prezzo effettivo da Tipo copia default (Koha)
    Classificazione decimale Dewey     GENOVA | Arcigay Genova - Approdo Lilia Mulas A.P.S. GENOVA | Arcigay Genova - Approdo Lilia Mulas A.P.S. 17/03/2026   DVD 19 11818 17/03/2026 17/03/2026 Materiali visivi
Se cerchi informazioni su Arcigay, le puoi trovare nel nostro sito: www.arcigay.it